Το σχολείο ως μανθάνων οργανισμός : διπλωματική εργασία [πτυχιακή εργασία]
Αποθηκεύτηκε σε:
| Κύριος συγγραφέας: | |
|---|---|
| Συγγραφή απο Οργανισμό/Αρχή: | |
| Άλλοι συγγραφείς: | |
| Μορφή: | Thesis Βιβλίο |
| Γλώσσα: | Greek |
| Δημοσίευση: |
2015.
|
| Θέματα: | |
| Διαθέσιμο Online: | http://hdl.handle.net/11610/7482 |
| Ετικέτες: |
Προσθήκη ετικέτας
Δεν υπάρχουν, Καταχωρήστε ετικέτα πρώτοι!
|
MARC
| LEADER | 00000cam a2200000 a 4500 | ||
|---|---|---|---|
| 001 | 1/107613 | ||
| 008 | 150722s2015####gr | ||| |||| ||gre|| | ||
| 040 | |a GR-MyUa |b gre |c GR-MyUa |e AACR2 | ||
| 041 | 0 | |a gre | |
| 082 | 7 | |a 371.2 |2 (23) | |
| 100 | 1 | |a Χατζαντώνη, Ελισάβετ. | |
| 245 | 1 | 3 | |a Το σχολείο ως μανθάνων οργανισμός : |b διπλωματική εργασία [πτυχιακή εργασία] / |c Χατζαντώνη Ελισάβετ ; επιβλέπων καθηγητής Κοντάκος Αναστάσιος. |
| 260 | |c 2015. | ||
| 300 | |a 101 σ. ; |c 30 εκ. | ||
| 502 | # | # | |a Πτυχιακή εργασία – Πανεπιστήμιο Αιγαίου, Ρόδος, 2015. |
| 504 | |a Βιβλιογραφία: σ. 96-98. | ||
| 506 | 1 | |a Πλήρες κείμενο - ενδοπανεπιστημιακή δημοσίευση - κλειδωμένη η δυνατότητα αντιγραφής. | |
| 650 | 0 | |a School management and organization. | |
| 650 | 0 | |a Educational planning. | |
| 650 | 0 | |a Strategic planning |v Case studies. | |
| 650 | 0 | |a System theory. | |
| 650 | 0 | |a Social systems. | |
| 700 | 1 | |a Κοντάκος, Αναστάσιος, |e dgs [Επιβλέπων καθηγητής] | |
| 710 | 2 | |a Πανεπιστήμιο Αιγαίου |b Σχολή Ανθρωπιστικών Επιστημών |b Τμήμα Επιστημών της Προσχολικής Αγωγής και του Εκπαιδευτικού Σχεδιασμού. | |
| 852 | |a INST |b RHODES |c DIATR |e 20150722 |h 371.2 ΧΑΤ |p 005400037898 |q 005400037898 |t DIE |y 23 | ||
| 856 | |u http://hdl.handle.net/11610/7482 | ||
| 924 | |a Χατζαντώνη |b Ελισάβετ |y Ρόδος |z 2015-07 | ||
| 970 | |z 22-07-2015 | ||